Doing Psychological Research / Gathering and Analysing Data (Record no. 2758)
[ view plain ]
| 000 -LEADER | |
|---|---|
| fixed length control field | 01350cam a22002054a 4500 |
| 005 - ΗΜΕΡΟΜΗΝΙΑ ΚΑΙ ΩΡΑ ΤΕΛΕΥΤΑΙΑΣ ΕΝΗΜΕΡΩΣΗΣ | |
| Πεδίο ελέγχου | 20250605164052.0 |
| 008 - FIXED-LENGTH DATA ELEMENTS--GENERAL INFORMATION | |
| Πεδίο ελέγχου σταθερού μήκους | 250528s ||||||||||||||||||||||||d |
| 035 ## - SYSTEM CONTROL NUMBER | |
| System control number | 17331 |
| 020 ## - ISBN | |
| ISBN | 335203795 |
| 040 ## - ΠΗΓΗ ΚΑΤΑΛΟΓΟΓΡΑΦΗΣΗΣ | |
| Φορέας πρωτότυπης καταλογογράφησης | MC Athens Campus Library |
| Γλώσσα καταλογογράφησης | Ελληνικά, Μοντέρνα (1453-) |
| Modifying agency | MC Athens Campus Library |
| Κανόνες περιγραφικής καταλογογράφησης | AACR2 |
| 245 1# - ΤΙΤΛΟΣ ΚΑΙ ΔΗΛΩΣΗ ΥΠΕΥΘΥΝΟΤΗΤΑΣ | |
| Τίτλος | Doing Psychological Research / Gathering and Analysing Data |
| 250 ## - EDITION STATEMENT | |
| Edition statement | 1st |
| 260 ## - PUBLICATION, DISTRIBUTION, ETC. | |
| Name of publisher, distributor, etc. | Open University Press, |
| Date of publication, distribution, etc. | 2000 |
| 300 ## - PHYSICAL DESCRIPTION | |
| Extent | 400 |
| 520 ## - SUMMARY, ETC. | |
| Summary, etc. | This book has been carefully written and designed in order to help you understand psychological research methods and develop the skills you need to carry out your own research projects. Introduction, Approaches to Psychological Research, Gathering Data, Gathering Data for Psychological Research, Experiments, Observational Studies, Questionnaire Studies, Psychometrics, Interviews, Case Studies and Ethnography, Analyzing Documents, Making Sense of Data, Introducing Qualitative Analysis, Grounded Approaches to Qualitative Research, Conservations and Discourse and Images, Protocol Analysis and Other Techniques, Introducing Quantitative Analysis, Numbers as Descriptive Statistics, Descriptive Statistics in Visual Image, Two-Sample Tests, Correlation and Regression, Analysis of Variance, Glossary, Statistical Tables, References, Index. |
| 700 1# - ΠΡΟΣΘΕΤΗ ΑΝΑΓΡΑΦΗ--ΦΥΣΙΚΟ ΠΡΟΣΩΠΟ | |
| Personal name | Hayes Nicky |
| 9 (RLIN) | 87 |
| 942 ## - ADDED ENTRY ELEMENTS (KOHA) | |
| Koha item type | Books |
| Τύπος τεκμηρίου | Βιβλιοθήκη | Τρέχουσα τοποθεσία | Barcode | Αριθμός εισαγωγής | Ημερομηνία απόκτησης | Ταξιθετικό σύμβολο | Αριθμός αντιτύπου | Κατάσταση απόσυρσης | Κατάσταση χαμένου | Κατάσταση κατεστραμμένου | Μη δανεισμός | Σύνολο δανεισμών | Ημερομηνία τελευταίας εμφάνισης | Η τιμή ισχύει από |
|---|---|---|---|---|---|---|---|---|---|---|---|---|---|---|
| Books | MC Athens Campus Library | MC Athens Campus Library | 9780000027573 | 1005 | 05/06/2025 | 150/.7/2 HAY | 1 | 05/06/2025 | 05/06/2025 |